000 00332nam a2200145Ia 4500
005 20251222144824.0
008 251222s9999||||xx |||||||||||||| ||spa||
020 _a9780230440081
082 _a428.076/N82/2017
100 _aNorris, Roy
245 0 _aReady for First:
250 _a3ra. Ed.
264 _bMacmillan
942 _cLIB
999 _c20613
_d20613